Toward economic cooperation in Asia: The United Nations Economic Commission for Asia and the Far East
Сохранить в:
| Главный автор: | |
|---|---|
| Формат: | |
| Язык: | английский |
| Опубликовано: |
New Haven
Yale University
1963
|
| Предметы: | |
| Метки: |
Добавить метку
Нет меток, Требуется 1-ая метка записи!
|
MARC
| LEADER | 00000nam a2200000 a 4500 | ||
|---|---|---|---|
| 001 | UCT8544 | ||
| 003 | CL-VaPUC | ||
| 008 | 970326e19630000US |||||||||||||||||eng|d | ||
| 082 | 0 | 4 | |a 338.973 |b WIG |2 21 |
| 100 | 0 | |a Wightman, David |e author |9 380303 | |
| 245 | 1 | 0 | |a Toward economic cooperation in Asia: The United Nations Economic Commission for Asia and the Far East |
| 300 | |a 400 p | ||
| 942 | |c BK | ||
| 945 | |d 19970326 00:00:00 |a paguirre | ||
| 260 | |a New Haven |b Yale University |c 1963 | ||
| 650 | 0 | |a Cooperación internacional |9 255447 | |
| 650 | 7 | |a PRINCIPIOS DE COOPERACION |2 CL-VaPUC |9 380304 | |
| 650 | 0 | |a Desarrollo económico y social |9 256320 | |
| 650 | 7 | |a RELACIONES ECONOMICAS INTERNACIONALES |2 CL-VaPUC |9 315315 | |
| 650 | 0 | |a Acuerdos económicos |9 348030 | |
| 651 | 0 | |a Estados Unidos |9 255178 | |
| 651 | 0 | |a Asia |9 268338 | |
| 583 | |a last modification |c 19970326 00:00:00 |k Rodrigo Vera | ||
| 999 | |c 257035 |d 257033 | ||
| 952 | |0 0 |1 0 |4 0 |6 338_973000000000000_WIG_1963 |7 0 |8 A |9 280264 |a BIBDER |b BIBDER |d 2019-11-19 |i 181091K |o 338.973 WIG 1963 |p 181091K |r 2023-01-25 |w 2019-11-19 |y BK |k DER | ||